Illustrations of the forest flora of north west and central India (Record no. 366590)
[ view plain ]
| 000 -LEADER | |
|---|---|
| fixed length control field | 003630000a22001210004500 |
| 005 - DATE AND TIME OF LATEST TRANSACTION | |
| control field | 20250903143918.0 |
| 082 ## - DEWEY DECIMAL CLASSIFICATION NUMBER | |
| Classification number | 582.160 954 STE |
| 100 ## - MAIN ENTRY--PERSONAL NAME | |
| Personal name | Brandis, Dietrich |
| 245 ## - TITLE STATEMENT | |
| Title | Illustrations of the forest flora of north west and central India |
| 260 ## - PUBLICATION, DISTRIBUTION, ETC. (IMPRINT) | |
| Place of publication, distribution, etc. | Dehradun, Bishen singh Mahendra Pal singh |
| Date of publication, distribution, etc. | 1972 |
| 650 ## - SUBJECT ADDED ENTRY--TOPICAL TERM | |
| Topical term or geographic name as entry element | Flora- Forest / Forest- Flora |
| 942 ## - ADDED ENTRY ELEMENTS (KOHA) | |
| Koha item type | Books (General) |
| Withdrawn status | Lost status | Damaged status | Not for loan | Collection code | Home library | Current library | Shelving location | Date acquired | Cost, normal purchase price | Total Checkouts | Full call number | Barcode | Date last seen | Price effective from | Koha item type |
|---|---|---|---|---|---|---|---|---|---|---|---|---|---|---|---|
| Reference Book | College of Agriculture, Vellayani | College of Agriculture, Vellayani | Reference | 02/05/2014 | 175.00 | 582.160 954 STE | KAU_COAV-13422 | 02/05/2014 | 02/05/2014 | Reference Book | |||||
| Reference Book | College of Agriculture, Vellayani | College of Agriculture, Vellayani | Reference | 02/05/2014 | 175.00 | 582.160 954 STE | KAU_COAV-17468 | 02/05/2014 | 02/05/2014 | Reference Book |
